Statistics for Countries Closest to Tajikistan by first two letters

Click here to take the quiz!

General Stats

  • This quiz has been taken 142 times
  • The average score is 16 of 20

Answer Stats

kmcountrymiles% Correct
0China0
97%
110Turkmenistan68
96%
59Kazakhstan36
95%
0Afghanistan0
94%
0Kyrgyzstan0
94%
1273Russia791
93%
16Pakistan10
92%
277India172
91%
593Iran368
90%
1933Iraq1201
90%
0Uzbekistan0
90%
1761Georgia1094
81%
1529Mongolia950
81%
1453Azerbaijan903
79%
965Nepal599
79%
1784Armenia1109
78%
1707Bhutan1061
75%
1737Bangladesh1079
63%
1601Oman995
29%
1649United Arab
Emirates
1025
27%

Score Distribution

Percentile by Number Answered

Percent of People with Each Score

Your Score History

You have not taken this quiz